¿El reino de Dios es de este mundo? El papel ambiguo de las religiones en la lucha contra pobreza /
El documento consiste en una compilación de diversos trabajos, en torno al tema de la pobreza y el papel de las religiones en la lucha contra la pobreza.
Na minha lista:
| Autor principal: | |
|---|---|
| Outros Autores: | |
| Formato: | Texto |
| Idioma: | Spanish |
| Publicado em: |
Colombia:, Siglo del Hombre Editores; CLACSO,
2008
|
| Assuntos: | |
| Tags: |
Adicionar Tag
Sem tags, seja o primeiro a adicionar uma tag!
|
MARC
| LEADER | 00000 a a2200000 04500 | ||
|---|---|---|---|
| 001 | 40677 | ||
| 003 | cru CIDCACS/IIS | ||
| 005 | 20230606094510.0 | ||
| 008 | 230606e2008 ck ||||| |||| 00| 0 spa d | ||
| 020 | |a 978-958-665-126-4 | ||
| 040 | |a CRAI/IIS |c CRAI/IIS | ||
| 090 | |a 03.02.05 Z22r | ||
| 100 | |a Zalpa, Genaro, comp. | ||
| 245 | |a ¿El reino de Dios es de este mundo? El papel ambiguo de las religiones en la lucha contra pobreza / |c Geberai Zakoa, comp.; Hans Egil Offerdal, comp. | ||
| 260 | |b Colombia:, |b Siglo del Hombre Editores; CLACSO, |c 2008 | ||
| 300 | |a 365 páginas | ||
| 520 | |a El documento consiste en una compilación de diversos trabajos, en torno al tema de la pobreza y el papel de las religiones en la lucha contra la pobreza. | ||
| 650 | 0 | |9 284 |a POBREZA | |
| 650 | 0 | |9 2795 |a RELIGION | |
| 650 | 0 | |9 7911 |a REDUCCION DE LA POBREZA | |
| 650 | 0 | |9 632 |a ASPECTOS SOCIALES | |
| 700 | |a Offerdal, Hans Egil, comp. | ||
| 942 | |2 ddc |c LI |h 03.02.05 Z22r |i 11979 |6 030205_Z22R_11979 | ||
| 999 | |c 17567 |d 17567 | ||



